000 00660nam a2200229Ia 4500
003 OSt
005 20220923225835.0
006 a|||||r|||| 00| 0
007 ta
008 220922b |||||||| |||| 00| 0 snd d
024 _a275,245
037 _cTextual
040 _aARTS
_cARTS
_bsnd
041 _2snd
_asnd
082 _aP1593,J9, J4;J6
100 _aलाल्वाणी, अै0 डी0
_9160419
245 0 _aनओं सिन्धी किताबु
246 _aNaoan sindhī kitābu
260 _c1956
942 _hP1593,J9, J4;J6
_cTEXL
_2CC
999 _c380777
_d380777